000 00299nam a2200157Ia 4500
100 _aAnand/R
942 _cBK
366 _f25
654 _ahappiness
245 _aHappiness at work:Mindfulness
260 _bsage
_c2018
082 _bANA
300 _a200
546 _aENGLISH
999 _c23183
_d23183